Creative ecologies : theorizing the pracrtice of architecture
| Main Author: | |
|---|---|
| Format: | Book |
| Published: |
London :
Bloomsbury Visual Arts ,
2018
|
| Subjects: |
MARC
| LEADER | 00000cam a2200000 7i4500 | ||
|---|---|---|---|
| 001 | 0000238229 | ||
| 005 | 20190822105519.0 | ||
| 020 | |a 9781350042087 | ||
| 090 | 0 | 0 | |a 720.1 |b FRI |
| 100 | 1 | |a Frichot, Helene | |
| 245 | 1 | 0 | |a Creative ecologies : |b theorizing the pracrtice of architecture |c Helene Frichot |
| 260 | |a London : |b Bloomsbury Visual Arts , |c 2018 | ||
| 300 | |a 248p ; |c 23cm. | ||
| 650 | 0 | |a Architecture practice | |
| 650 | 0 | |a Architecture |x Philosophy | |
| 999 | |a 00371686 |b BUKU |c PINJAMAN |e PERPUSTAKAAN KOMUNITI PETALING JAYA | ||